Ancient meteorology
Saved in:
| Main Author: | |
|---|---|
| Format: | Book |
| Language: | English |
| Published: |
London; New York :
Routledge,
2003
|
| Series: | Sciences of antiquity
|
| Subjects: | |
| Tags: |
Add Tag
No Tags, Be the first to tag this record!
|
MARC
| LEADER | 00000nam a2200000 i 4500 | ||
|---|---|---|---|
| 001 | 1/60266 | ||
| 008 | 040914s2003 eng d | ||
| 020 | |a 0-415-16196-7 | ||
| 035 | |l 10074264 | ||
| 040 | |a GR-MY-UA |b gre |e aacr | ||
| 041 | 0 | |a eng | |
| 082 | 0 | |a 551.50938 |2 (21) | |
| 100 | 1 | |a Taub, Liba Chaia |d 1954- | |
| 245 | 1 | 0 | |a Ancient meteorology / |c Liba Taub |
| 260 | |a London; New York : |b Routledge, |c 2003 | ||
| 300 | |a xiv, 271 σ.; |b εικ.; |c 22 εκ. | ||
| 490 | 1 | |a Sciences of antiquity | |
| 504 | |a Περιέχει βιβλιογραφία και ευρετήριο | ||
| 650 | 0 | 0 | |a Meteorology |z Greece |x History. |
| 650 | 0 | 0 | |a Meteorology |z Rome |x History. |
| 650 | 0 | 0 | |a Science, Ancient. |
| 830 | 0 | |a Sciences of antiquity | |
| 852 | |a INST |b LESVOS |e 20040914 |h 551.50938 TAU |p 005100030611 |q 005100030611 |t BK |y 0 | ||
| 901 | |a BIBL1-2004-3 | ||
| 909 | |a Λ |b 113107 | ||
| 922 | |a 1ΕΛΗ |b 200408 |c ΕΠΕΑΕΚ2/ΤΓ |d ΜΙΧΑΛΟΠΟΥΛΟΣ | ||
| 950 | |a 118-2004-06-14 | ||
| 970 | |a ΧΡΙΣΤΟΦΑ |b ΝΙΚΗ |z 2004/10/22 | ||